000 00420 a2200157 4500
020 _a0-7506-2465-5
082 _a624.183
_bTHO
_cL-NUST, P-39
100 _aTHOMAS, K
_943094
245 _aMASONRY WALLS
250 _a1ST
260 _aLONDON
_bBUTTERWORTH-HEINEMANN LTD
_c1996
300 _a317 P, PB, ILL
500 _aBUILDING CONSTRUCTION
526 _a0
_b0
_c0
_d624_183000000000000_THO_LNUST_
942 _2ddc
_cBKB
999 _c546896
_d546896